000
00318nam a2200133Ia 4500
008
240624s9999 xx 000 0 und d
041
_a
eng
082
_a
425 IYE
100
_a
IYER VIJAYALAKSHMI
245
_a
WORD POWER
260
_c
2008
_a
Delhi
_b
Authorspress
300
_a
x, : 503 : p. : cm. ; 21
365
_c
RS
_b
20
999
_c
8068
_d
8068